000 00666nam a2200253Ia 4500
001 Z_5350
003 CHAP
008 220113s9999 xx 000 0 und d
010 _a168417
040 _cCHAP
082 _a636.08 B5
100 _aBlasco, Agustín
_9142726
245 _aZootecnia mejora genética animal /
_cAgustín Blasco y Ma. Antonia Santacreu
260 _aValencia :
_bUniversidad Politécnica de Valencia,
_c
300 _a106 + apéndices
650 _aGanado
_xGenética
_9142727
700 _aSantacreu, Ma. Antonia
_9142728
901 _a636.08 B5
902 _aA
910 _a
942 _c1
942 _cc1
999 _c168417
_d168417